Algerian players in European Big Five (2000-) - Statistics

General Stats
  • This quiz has been taken 48 times
  • The average score is 25 of 137
Answer Stats
Ranking Player Positions Nationality Matches Goals (assists) Periods Clubs % Correct
3 Riyad Mahrez MF, FW 284 82 (62) 2014-2023
95%
7 Ramy Bensebaini DF, MF 244 23 (12) 2015-2025
81%
40 Islam Slimani FW 104 22 (15) 2016-2017, 2019-2023
77%
8 Nabil Bentaleb MF 224 18 (17) 2013-2025
77%
14 Ismaël Bennacer MF 186 7 (14) 2018-2025
67%
20 Rayan Aït-Nouri DF, MF 158 9 (14) 2018-2025
60%
6 Faouzi Ghoulam DF 254 4 (25) 2010-2023
58%
13 Houssem Aouar MF, FW 195 34 (24) 2016-2024
58%
11 Sofiane Feghouli MF, FW 207 25 (31) 2008-2017
58%
18 Saïd Benrahma MF, FW 164 23 (24) 2013-2015, 2020-2025
56%
26 Abdelkader Ghezzal FW 134 15 (7) 2008-2011, 2014-2015
49%
2 Aïssa Mandi DF 356 22 (10) 2012-2025
49%
21 Rachid Ghezzal MF, FW 151 15 (16) 2012-2013, 2014-2020
49%
42 Yacine Brahimi MF, FW 101 9 (7) 2010-2014
47%
57 Bilal Brahimi MF, FW 68 3 (3) 2021-2025
44%
43 Youcef Atal DF, MF, FW 101 12 (2) 2018-2024
44%
12 Ishak Belfodil MF, FW 198 34 (14) 2009-2010, 2011-2014, 2017-2022
42%
49 Fares Chaïbi MF, FW 92 8 (13) 2022-2025
40%
130 Ilyes Chaïbi FW 1 0 (0) 2015-2016
40%
1 Ryad Boudebouz MF, FW 416 52 (66) 2008-2022
40%
17 Adam Ounas MF, FW 167 19 (13) 2015-2024
37%
16 Amine Gouiri MF, FW 180 57 (27) 2017-2018, 2019-2025
35%
5 Andy Delort FW 268 85 (32) 2011-2012, 2015-2022, 2024-2025
35%
19 Saphir Taïder MF 163 10 (8) 2009-2010, 2011-2018
35%
45 Djamel Belmadi MF 98 10 (10) 2000-2002, 2007-2009
33%
23 Hicham Boudaoui MF 148 12 (11) 2019-2025
33%
85 Mohamed Amoura FW 31 10 (9) 2024-2025
33%
134 Rafik Halliche DF 1 0 (0) 2010-2011
33%
36 Djamel Mesbah DF, MF 112 5 (4) 2010-2017
30%
27 Alexandre Oukidja GK 133 0 (0) 2017-2018, 2019-2021, 2023-2024
28%
62 Himad Abdelli MF, FW 62 8 (3) 2022-2023, 2024-2025
28%
66 Kamel Ghilas FW 56 3 (3) 2009-2010, 2012-2014
28%
4 Mehdi Lacen MF 273 7 (9) 2005-2006, 2008-2015, 2017-2018
28%
35 Nadir Belhadj DF, MF 113 7 (10) 2006-2010
28%
135 Raïs M'Bolhi GK 1 0 (0) 2017-2018
28%
69 Yasser Larouci DF, MF 53 1 (1) 2021-2024
28%
41 Karim Matmour MF, FW 101 5 (2) 2008-2010, 2012-2013
26%
29 Karim Ziani MF 132 11 (11) 2001-2002, 2006-2011
26%
111 Madjid Bougherra DF 5 0 (0) 2006-2007
26%
73 Nabil Ghilas MF, FW 47 7 (1) 2014-2016
26%
32 Carl Medjani DF, MF 124 5 (2) 2005-2006, 2011-2013, 2015-2017
23%
123 Ibrahim Maza MF, FW 2 1 (0) 2022-2023
23%
91 Jaouen Hadjam DF 21 0 (1) 2022-2024
23%
31 Mehdi Abeid MF 129 7 (5) 2014-2015, 2016-2021
23%
34 Mohamed Fares DF, MF, FW 115 5 (4) 2014-2015, 2017-2022
23%
9 Rafik Saïfi MF, FW 219 41 (16) 2000-2002, 2004-2009
23%
55 Walid Mesloub MF, FW 82 1 (9) 2014-2017
23%
72 Ali Benarbia MF 48 3 (8) 2000-2003
21%
10 Antar Yahia DF 211 7 (4) 2001-2009, 2011-2012
21%
51 Farid Boulaya MF, FW 85 12 (12) 2016-2017, 2019-2022
21%
28 Foued Kadir MF 133 21 (14) 2009-2013, 2015-2016
21%
87 Liassine Cadamuro DF 27 0 (0) 2011-2014
21%
15 Mehdi Mostefa DF, MF 181 9 (7) 2011-2017
21%
24 Yazid Mansouri MF 140 1 (2) 2002-2003, 2006-2010
21%
52 Adlène Guedioura MF 84 2 (3) 2009-2011, 2013-2017
19%
101 Anthony Mandrea GK 11 0 (0) 2013-2014, 2021-2022
19%
37 Hassan Yebda MF 107 6 (2) 2006-2007, 2009-2014
19%
44 Mourad Meghni MF 100 5 (3) 2002-2005, 2007-2010
19%
30 Yassine Benzia MF, FW 131 15 (13) 2011-2021
19%
77 Youcef Belaïli MF, FW 36 9 (7) 2021-2023
19%
54 Zinedine Ferhat MF, FW 83 11 (14) 2019-2020, 2024-2025
19%
70 Abdelmalek Cherrad FW 52 8 (2) 2002-2005
16%
74 Chadli Amri MF, FW 40 2 (1) 2006-2007, 2009-2011
16%
80 Djamel Abdoun MF 32 3 (0) 2003-2005, 2008-2009
16%
46 Farid El Melali DF, MF, FW 94 6 (4) 2018-2022, 2024-2025
16%
64 Hameur Bouazza MF, FW 61 7 (5) 2006-2007, 2010-2011
16%
84 Ilan Kebbal MF, FW 31 1 (4) 2021-2022
16%
103 Abdel Jalil Medioub DF 10 0 (0) 2021-2022
14%
61 Badredine Bouanani MF, FW 63 4 (7) 2022-2025
14%
56 Habib Bellaïd DF 78 0 (0) 2005-2006, 2007-2010
14%
47 Mehdi Léris DF, MF, FW 94 2 (4) 2017-2020, 2022-2023
14%
82 Moussa Saïb MF 32 2 (4) 2000-2002
14%
83 Abderrahman Rebbach MF, FW 31 1 (0) 2023-2025
12%
22 Haris Belkebla MF 149 2 (1) 2019-2022, 2024-2025
12%
108 Djamel Benlamri DF 6 0 (0) 2020-2021
9%
25 Mehdi Méniri DF 139 7 (1) 2000-2006
9%
38 Mehdi Zeffane DF, MF 105 3 (3) 2013-2018, 2022-2024
9%
106 Ahmed Touba DF 6 0 (0) 2023-2024
7%
59 Akim Zedadka DF, MF 66 1 (3) 2021-2023
7%
58 Yacine Bezzaz MF 67 5 (2) 2002-2004, 2006-2009
7%
53 Ahmed Reda Madouni DF 83 6 (1) 2001-2007
5%
113 Fouad Bouguerra FW 4 0 (0) 2004-2005
5%
86 Kévin Van Den Kerkhof MF, FW 29 1 (2) 2023-2024
5%
98 Mehdi Tahrat DF, MF 14 0 (0) 2016-2018
5%
68 Abdelhafid Tasfaout MF, FW 53 6 (0) 2000-2002
2%
65 Féthi Harek DF 60 0 (2) 2012-2013, 2018-2019
2%
128 Hakeem Achour MF 1 0 (0) 2011-2012
2%
71 Idriss Saadi MF, FW 52 4 (0) 2010-2013, 2017-2018, 2020-2021
2%
109 Ilyes Cheti DF 6 0 (0) 2022-2023
2%
99 Karim Aribi FW 13 0 (0) 2020-2021
2%
60 Laurent Agouazi MF 65 2 (6) 2005-2006, 2007-2008, 2009-2010
2%
76 Mansour Boutabout FW 36 5 (1) 2006-2007
2%
117 Maxime Spano DF 3 0 (0) 2014-2015
2%
50 Nassim Akrour FW 88 13 (5) 2002-2003, 2008-2010
2%
102 Omar Belbey MF 11 0 (0) 2001-2002
2%
88 Rachid Aït-Atmane MF 26 0 (2) 2015-2017
2%
96 Salah Bakour MF 15 1 (0) 2004-2005
2%
136 Samir Beloufa DF 1 0 (0) 2002-2003
2%
119 Abdelhakim Omrani MF, FW 2 0 (0) 2010-2011
0%
33 Abdelnasser Ouadah DF, MF 118 8 (10) 2002-2007
0%
120 Abderraouf Zarabi DF 2 0 (0) 2003-2005
0%
97 Abel Khaled MF, FW 14 0 (0) 2011-2013
0%
116 Adel Guemari DF 3 0 (0) 2002-2003
0%
94 Ahmed Kashi MF 19 1 (0) 2014-2015
0%
105 Aïmen Demai DF, MF 9 0 (1) 2001-2002, 2003-2004
0%
121 Anthony Khelifa DF 2 0 (0) 2022-2023
0%
127 Badis Lebbihi DF 1 0 (0) 2007-2008
0%
122 Bilal Ouali MF 2 0 (0) 2012-2013
0%
107 Billel Omrani FW 6 1 (0) 2011-2012, 2014-2015
0%
75 Brahim Ferradj DF, MF 36 1 (0) 2010-2013
0%
39 Brahim Hemdani DF, MF 104 2 (1) 2000-2005
0%
110 Fadel Brahami MF 5 0 (0) 2002-2003
0%
92 Farid Ghazi FW 20 3 (0) 2000-2003
0%
78 Florent Hanin DF, MF 33 1 (2) 2024-2025
0%
90 Fodil Hadjadj MF 23 1 (0) 2003-2005
0%
67 Hakim Saci FW 54 7 (6) 2001-2004
0%
129 Icham Mouissi DF 1 0 (0) 2002-2003
0%
124 Ilias Hassani DF 2 0 (0) 2013-2014, 2015-2016
0%
93 Kamel Larbi MF, FW 20 3 (0) 2003-2004, 2006-2008
0%
100 Khaled Kharroubi MF 13 0 (0) 2006-2008
0%
81 Madjid Adjaoud MF 32 0 (0) 2000-2002
0%
131 Madjid Ben Haddou MF 1 0 (0) 2003-2004
0%
125 Mehdi Fennouche FW 2 0 (0) 2013-2014
0%
79 Mehdi Zerkane DF, MF, FW 33 1 (1) 2020-2022
0%
63 Mohamed Bradja DF 62 0 (0) 2000-2003
0%
132 Mohamed Chalali FW 1 0 (0) 2008-2009
0%
126 Mohamed Dennoun MF 2 0 (0) 2005-2006, 2008-2009
0%
133 Nordine Sam DF 1 0 (0) 2002-2003
0%
114 Rafik Mezriche MF 4 0 (0) 2000-2001
0%
112 Riad Hammadou MF 5 0 (0) 2000-2002
0%
48 Salim Arrache MF 94 3 (5) 2003-2007, 2013-2014
0%
137 Sophiane Baghdad MF 1 0 (0) 2002-2003
0%
118 Virgile Boumelaha MF 3 0 (0) 2002-2003
0%
115 Walid Cherfa DF 4 0 (0) 2006-2007
0%
95 Yanis Zouaoui DF, FW 17 0 (2) 2024-2025
0%
89 Yannis Tafer MF, FW 26 1 (2) 2008-2011
0%
104 Ziri Hammar MF 10 0 (0) 2010-2013
0%
No matching quizzes found
Score Distribution
Percent of People with Each Score
Percentile by Number Answered
Your Score History
You have not taken this quiz